Online
Catalog

Homenaje a Emilio Cordero Michel / (Record no. 20774)

MARC details
000 -CABECERA
campo de control de longitud fija 01159nam a2200229 a 4500
001 - NÚMERO DE CONTROL
campo de control 000021274
005 - FECHA Y HORA DE LA ÚLTIMA TRANSACCIÓN
campo de control 20241015140952.0
008 - DATOS DE LONGITUD FIJA--INFORMACIÓN GENERAL
campo de control de longitud fija 100903s2004 dr r 000 0 spa d
020 ## - NÚMERO INTERNACIONAL ESTÁNDAR DEL LIBRO
Número Internacional Estándar del Libro 9993499706
040 ## - FUENTE DE LA CATALOGACIÓN
Centro catalogador/agencia de origen DO-SdBNP
Lengua de catalogación spa
Centro/agencia transcriptor BNPHU
082 ## - NÚMERO DE LA CLASIFICACIÓN DECIMAL DEWEY
Número de clasificación 972.93053
Número de documento/Ítem H765e
245 00 - MENCIÓN DE TÍTULO
Título Homenaje a Emilio Cordero Michel /
Mención de responsabilidad, etc. José Abreu Cardet ... [et al.].
260 ## - PUBLICACIÓN, DISTRIBUCIÓN, ETC.
Lugar de publicación, distribución, etc. Santo Domingo :
Nombre del editor, distribuidor, etc. Academia Dominicana de la Historia,
Fecha de publicación, distribución, etc. 2004.
300 ## - DESCRIPCIÓN FÍSICA
Extensión 247 p. ;
Dimensiones 21 cm.
490 1# - MENCIÓN DE SERIE
Mención de serie Estudios
Designación de volumen o secuencia 1
504 ## - NOTA DE BIBLIOGRAFÍA, ETC.
Nota de bibliografía, etc. Bibliografía : p. 245-247
505 2# - NOTA DE CONTENIDO CON FORMATO
Nota de contenido con formato Emilio Cordero Michel : la esencia de la furia -- Pueblo arriba -pueblo abajo: esbozo de la evolución de Duvergé durante el siglo XX. La iglesia católica y Trujillo. La carta pastoral de 1960 -- El desfile trujillista : despotismo y complicidad -- El comegente, una relación campesina al final del periodo colonial -- Algunos métodos y fuentes para la historia de la mentalidades -- Noticia bibliográfica de Emilio Cordero Michel.
590 ## - NOTA LOCAL (RLIN)
Nota local Inventariado, 2018/BT
600 10 - PUNTO DE ACCESO ADICIONAL DE MATERIA--NOMBRE DE PERSONA
Nombre de persona Cordero Michel, Emilio,
Fechas asociadas al nombre 1929-2018
9 (RLIN) 44029
830 #0 - PUNTO DE ACCESO ADICIONAL DE SERIE-TÍTULO UNIFORME
Título uniforme Estudios
Número de parte o sección de la obra 1
9 (RLIN) 13150
910 ## - DATOS DE OPCIÓN DEL USUARIO (OCLC)
Datos de opción del usuario Validado. Control de calidad. MMOLINA
Holdings
Estado de retiro Estado de pérdida Restricciones de uso No para préstamo Código de colección Localización permanente Ubicación/localización actual Ubicación en estantería Fecha de adquisición Número de inventario Total de préstamos Signatura topográfica completa Código de barras Fecha visto por última vez Número de copia Precio válido a partir de Tipo de ítem Koha
        Dominicana de Servicio General General Depósito 03.09.2010 LF1   972.93053 H765e 21274-30 25.06.2020 e. 3 25.06.2020 Libro y Folleto Colección Dominicana de Servicio
        Dominicana de Servicio General General Depósito 30.07.2018 LF1   972.93053 H765e 21274-40 25.06.2020 e. 4 25.06.2020 Libro y Folleto Colección Dominicana de Servicio
      Excluido de préstamo Patrimonio Dominicano Patrimonio Dominicano Patrimonio Dominicano Depósito 03.09.2010 LF1   972.93053 H765e 21274-10 25.06.2020   25.06.2020 Libro y Folleto Colección Patrimonio Dominicano
      Excluido de préstamo Patrimonio Dominicano Patrimonio Dominicano Patrimonio Dominicano Depósito 03.09.2010 LF1   972.93053 H765e 21274-20 25.06.2020 e. 2 25.06.2020 Libro y Folleto Colección Patrimonio Dominicano

Powered by Koha